00470nam a2200121Ia 45000010005000000080041000050820031000461000061000772450144001382600024002829010027003069990015003332406241024s9999 xx 000 0 und d aRD/379.155/R426s/2010-2011 aRepública Dominicana. MINERD. Super Visión Educativa 0aSíntesis de las Visitas realizadas a los centos educativos por los equipos distritales de supervisión, 17 de agosto-6 de diciembre 2011 bSanto Domingoc2011 a28/8/2012 2:14:55 p.m. c8293d8293